Stolice państw Trójmorza - Statystyki

Ogólne statystyki
  • Ten quiz został rozwiązany 14 razy
  • Średni wynik to 11 z 12
Odpowiedzi na mapie
Odpowiedzi zakodowano w zielono-czerwonej skali na mapie do tego quizu, zgodnie z poniższymi procentami.
 
Statystyki odpowiedzi
Odpowiedź % Poprawnych
Ryga
100%
Tallin
100%
Warszawa
100%
Wilno
100%
Bratysława
90%
Bukareszt
90%
Praga
90%
Wiedeń
90%
Zagrzeb
90%
Budapeszt
80%
Sofia
80%
Lublana
70%
Nie znaleziono quizów pasujących do podanych kryteriów
Rozkład punktacji
Procent ludzi z każdym wynikiem
Percentyl według liczby udzielonych odpowiedzi
Twoja historia wyników
Nie rozwiązałeś tego quizu